An analysis on the efficacy of the legal framework on the prohibition of Female Genital Mutilation in Kenya/ (Record no. 4003)

000 -LEADER
fixed length control field 00440nam a22001457a 4500
003 - CONTROL NUMBER IDENTIFIER
control field OSt
005 - DATE AND TIME OF LATEST TRANSACTION
control field 20180619091725.0
008 - FIXED-LENGTH DATA ELEMENTS--GENERAL INFORMATION
fixed length control field 180619b xxu||||| |||| 00| 0 eng d
050 ## - LIBRARY OF CONGRESS CALL NUMBER
Classification number RUSC GN484.O34 2018
100 ## - MAIN ENTRY--PERSONAL NAME
Personal name Moraa, O. Linah
245 ## - TITLE STATEMENT
Title An analysis on the efficacy of the legal framework on the prohibition of Female Genital Mutilation in Kenya/
Statement of responsibility, etc Linah Ogero Moraa
260 ## - PUBLICATION, DISTRIBUTION, ETC. (IMPRINT)
Date of publication, distribution, etc 2018
300 ## - PHYSICAL DESCRIPTION
Extent 38P:
Dimensions 24cm
942 ## - ADDED ENTRY ELEMENTS (KOHA)
Source of classification or shelving scheme
Koha item type Research Project
Holdings
Withdrawn status Lost status Source of classification or shelving scheme Damaged status Not for loan Home library Current library Shelving location Date acquired Total Checkouts Full call number Barcode Date last seen Price effective from Koha item type
          Riara University Library Riara University Library Special Collection 19/06/2018   RUSC GN484.O34 2018 10027/18 19/06/2018 19/06/2018 Research Project

Riara University Library,
P.O. Box 49940-00100,
Nairobi, Kenya.